| 000 | 01678nam a2200241Ia 4500 | ||
|---|---|---|---|
| 005 | 20170327142854.0 | ||
| 008 | 130821s1932 ck || |r 1 spa d | ||
| 040 |
_aCo-BoUCM _bspa _cSandra Yazo _dSandra Yazo |
||
| 041 | _aspa | ||
| 082 | 0 | 4 |
_a346.04 _220 |
| 092 | _aE43N031 | ||
| 100 | 1 |
_aLatorre U, Luis F _984889 |
|
| 245 | 1 | 0 |
_aRégimen patrimonial en el matrimonio _bproceso de la ley 28 de 1932 y comentarios _cpor Luis F. Latorre U. |
| 260 |
_aBogotá (Colombia) _bImprenta Nacional _c1932 |
||
| 300 |
_a267 páginas _c24 x 17 cm. |
||
| 500 | _aDetalles físicos: Encuadernación rígida (holandesa) en cartón forrado en papel jaspeado. Lomo de tela con adornos en dorado. Guardas. Hoja de cortesía. Portada impresa en una sola tinta. Texto impreso en una columna. Índice | ||
| 505 | 0 | _aMensajes del Presidente Olaya Herrera ; Proyecto de Ley sobre “reformas civiles (régimen patrimonial en el matrimonio) / Luis F. Latorre ; Concepto y modificaciones propuestas / Dr. Félix Cortés ; Exposición de Motivos, Informe de Mayoría (Comisión de Legislación Civil) en la Cámara ; Informe de minoría ; Mensaje Presidencial ; Discursos de Representantes al respecto ; Modificaciones propuestas ; Necesidad de la liberación patrimonial de la mujer casada ; Memoriales de diversos grupos de mujeres ; Texto del Proyecto de Ley ; Ley 28 de 1932, comentada por Luis F. Latorre ; Disposiciones derogadas por esta Ley | |
| 506 | _aConsulta en sala | ||
| 650 | 7 |
_aDerecho civil _zColombia _934616 |
|
| 650 | 7 |
_aMatrimonio _xLegislación _zColombia _941686 |
|
| 650 | 7 |
_aPatrimonio _xLegislación _zColombia _921181 |
|
| 942 |
_cLIBRO _a8 _e1 _mL17 _2LOCAL _hE43N031 |
||
| 999 |
_c306403 _d306403 |
||